Lord of the Rings A-Z - Statistics

General Stats
  • This quiz has been taken 239 times
  • The average score is 19 of 24
Answer Stats
Hint Answer % Correct
A Strider, heir to the throne of Gondor Aragorn
99%
F Hobbit Ring-Bearer who was a member of the Fellowship Frodo
99%
G Dwarf member of the Fellowship Gimli
98%
E Group of tree-like beings who defeat Saruman and Isengard Ents
95%
I Realm of the Wizard Saruman, later ruled by Treebeard Isengard
94%
M Realm of Sauron Mordor
94%
Y '_____ shall not pass!' You
94%
S Previous name of Gollum Smeagol
92%
C Elf who is married to Galadriel Celeborn
89%
L Realm of Galadriel Lothlorien
89%
T King of Rohan, 'Ride to ruin, and the world's ending! Death!' Theoden
87%
H What many disparagingly call the Hobbits in reference to their height Halflings
85%
R Realm which fought against Saruman at Helm's Deep Rohan
85%
U Improved version of Orcs Uruk-hai
84%
W Name of the Lord of the Nazgul Witch King
83%
J Forename of Tolkien John
79%
B Tower of Sauron Barad-Dur
78%
D Title given to both Melkor/Morgoth and Sauron Dark Lord
73%
V God like beings Valar
65%
N New names of the 'Mortal Men doomed to die' Nazgul
62%
O Other name of Mount Doom Orodruin
56%
P Fields between Osgiliath and Minas Tirith, battle for Gondor Pelennor Fields
48%
K Name of the Nazgul who led Sauron's forces in the Battle of the Black Gate Khamul
30%
Z Westron form of Oldbuck Zaragamba
6%
No matching quizzes found
Score Distribution
Percent of People with Each Score
Percentile by Number Answered
Your Score History
You have not taken this quiz